| 000 | 01200nam a2200313 a 4500 | ||
|---|---|---|---|
| 001 | 000109475 | ||
| 003 | CHAP | ||
| 005 | 20220329144052.0 | ||
| 008 | 140506s2013 mx sm |||||||spa d | ||
| 010 | _a105937 | ||
| 011 | _a106909 | ||
| 040 | _cCHAP | ||
| 090 | _aTesis | ||
| 100 | 0 | 0 |
_aHernández Quijada, Noé. _954488 |
| 245 | 1 | 0 |
_aCompetitividad y recursos naturales en las unidades de producción agrícola del Estado de Guanajuato _h[En línea] _cpor Noé Hernández Quijano. |
| 260 |
_aChapingo, Méx. : _bEl autor, _c2013. |
||
| 500 | _aPara ver el contenido del material haga clic en la liga | ||
| 502 | _aTesis (MC. en Economía Agrícola y de los Recursos Naturales) -- UACH. Departamento División de Ciencias Económico Administrativas | ||
| 590 |
_aBATCH-UPD _b05 _c20141002 _lUCH01 _h0902 |
||
| 590 |
_aE5765TAJ _b05 _c20140506 _lUCH01 _h0956 |
||
| 590 |
_aE5765TAJ _b05 _c20140506 _lUCH01 _h0957 |
||
| 650 | 1 | 4 |
_aCereales _xRendimiento. _921461 |
| 650 | 1 | 4 |
_aCultivos _xRendimiento. _930318 |
| 650 | 1 | 4 |
_aRecursos naturales _xAprovechamiento. _995190 |
| 856 |
_aFinding aid _uhttp://10.13.5.2/tesis/sist109475.pdf _zTeclea aquí |
||
| 901 | _aBK | ||
| 942 | _cTESIS | ||
| 942 | _n0 | ||
| 999 |
_c105937 _d105937 |
||